000 nam a22 7a 4500
999 _c10587
_d10587
008 180219b ||||| |||| 00| 0 eng d
100 _aGoel, M
_96485
245 _aA Textbook of Retail
260 _aNew Delhi
_bGoyal Publication
_c2013